[Event "Titled Tuesday intern op 06th Feb Late"]
[Site "Chess.com INT"]
[Date "2024.02.06"]
[Round "3"]
[White "Akobian, Varuzhan"]
[Black "Kubatko, Ivan"]
[Result "0-1"]
[WhiteElo "2571"]
[BlackElo "2257"]
[PlyCount "124"]
[EventDate "2024.02.06"]
[EventType "swiss (blitz)"]
[EventRounds "11"]
[EventCountry "USA"]
[SourceTitle "CB07_2024"]
[SourceDate "2024.02.14"]
[SourceVersion "1"]
[SourceVersionDate "2024.02.14"]
[SourceQuality "1"]

1. d4 d5 2. c4 e6 3. Nc3 c5 4. cxd5 cxd4 5. Qxd4 Nc6 6. Qd1 exd5 7. Qxd5 Be6 8. Qxd8+ Rxd8 9. e3 a6 10. a3 Na5 11. b4 Nb3 12. Rb1 g6 13. Bb2 Bg7 14. Nf3 Ne7 15. Be2 0-0 16. 0-0 Nd2 17. Nxd2 Rxd2 18. Bf3 Bf5 19. e4 Be6 20. Ba1 Rc8 21. Nd5 Nxd5 22. exd5 Bxd5 23. Bxd5 Rxd5 24. Rfd1 Rxd1+ 25. Rxd1 Bxa1 26. Rxa1 Rc2 27. g3 h5 28. h4 Kg7 29. Kg2 Kf6 30. Rd1 Ra2 31. Rd3 Ke6 32. Kf3 Kf6 33. Ke3 Ke6 34. f3 Kf6 35. Kd4 Rc2 36. Kd5 g5 37. a4 gxh4 38. gxh4 Kf5 39. Rd4 Rf2 40. Kc5 Rxf3 41. Kb6 Rf4 42. Rxf4+ Kxf4 43. Kxb7 Kg4 44. Kxa6 f5 45. b5 f4 46. b6 f3 47. b7 f2 48. b8Q f1Q+ 49. Qb5 Qa1 50. Qg5+ Kh3 51. a5 Qd1 52. Qe7 Qd3+ 53. Kb6 Qd4+ 54. Qc5 Qa4 55. a6 Kxh4 56. a7 Kg3 57. Qc7+ Kg2 58. Qc6+ Qxc6+ 59. Kxc6 h4 60. a8Q h3 61. Kc5+ Kg1 62. Qa1+ Kg2 0-1

[Event "Titled Tuesday intern op 06th Feb Late"]
[Site "Chess.com INT"]
[Date "2024.02.06"]
[Round "7"]
[White "Ankerst, Mihael"]
[Black "Kubatko, Ivan"]
[Result "0-1"]
[WhiteElo "2377"]
[BlackElo "2257"]
[PlyCount "80"]
[EventDate "2024.02.06"]
[EventType "swiss (blitz)"]
[EventRounds "11"]
[EventCountry "USA"]
[SourceTitle "CB07_2024"]
[SourceDate "2024.02.14"]
[SourceVersion "1"]
[SourceVersionDate "2024.02.14"]
[SourceQuality "1"]

1. e4 d5 2. exd5 Qxd5 3. c4 Qe4+ 4. Be2 Qxg2 5. Bf3 Qg6 6. Ne2 e5 7. Nbc3 c6 8. d4 Nd7 9. d5 Ngf6 10. Rg1 Qf5 11. Ng3 Qh3 12. dxc6 bxc6 13. Bxc6 Rb8 14. Qe2 Bb4 15. Bd2 0-0 16. 0-0-0 Nc5 17. Nd5 Nxd5 18. Bxd5 Bf5 19. Be3 Na4 20. Bg2 Qg4 21. Qxg4 Bxg4 22. Rd5 Be6 23. Nh5 Bxd5 24. Bxd5 g6 25. Bh6 Bc5 26. Nf6+ Kh8 27. b3 Nc3 28. Rg2 Ne2+ 29. Kc2 Nf4 30. Rg4 Nxd5 31. Nxd5 f5 32. Rh4 e4 33. Bf4 Rbe8 34. Nc7 Re7 35. Nd5 Ree8 36. Bh6 Rf7 37. Be3 Bxe3 38. fxe3 g5 39. Rh6 f4 40. exf4 gxf4 0-1

[Event "Titled Tuesday intern op 06th Feb Late"]
[Site "Chess.com INT"]
[Date "2024.02.06"]
[Round "8"]
[White "Kubatko, Ivan"]
[Black "Liu, Eric"]
[Result "0-1"]
[WhiteElo "2257"]
[BlackElo "2358"]
[PlyCount "65"]
[EventDate "2024.02.06"]
[EventType "swiss (blitz)"]
[EventRounds "11"]
[EventCountry "USA"]
[SourceTitle "CB07_2024"]
[SourceDate "2024.02.14"]
[SourceVersion "1"]
[SourceVersionDate "2024.02.14"]
[SourceQuality "1"]

1. e4 b6 2. d4 Bb7 3. Bd3 e6 4. Nf3 c5 5. c3 d6 6. 0-0 Nf6 7. Re1 Be7 8. e5 dxe5 9. dxe5 Nd5 10. Qe2 a6 11. a4 Nc6 12. Na3 Na5 13. Bc2 Qc7 14. Nc4 Nxc4 15. Qxc4 Bc6 16. Qg4 g6 17. Bh6 0-0-0 18. Nd2 Kb8 19. Nc4 Qb7 20. a5 b5 21. Nd6 Bxd6 22. exd6 Rxd6 23. Bg7 f5 24. Qg3 f4 25. Bxh8 fxg3 26. Be5 gxf2+ 27. Kxf2 Qe7 28. c4 bxc4 29. Ra3 Kb7 30. Bxd6 Qxd6 31. Kg1 Nb4 32. Bb1 Qd2 33. Rae3 0-1

[Event "Titled Tuesday intern op 16th Jan Early"]
[Site "Chess.com INT"]
[Date "2024.01.16"]
[Round "2"]
[White "Kubatko, Ivan"]
[Black "Shuvalova, Polina"]
[Result "0-1"]
[WhiteElo "2257"]
[BlackElo "2475"]
[PlyCount "62"]
[EventDate "2024.01.16"]
[EventType "swiss (blitz)"]
[EventRounds "11"]
[EventCountry "USA"]
[SourceTitle "CB04_2024"]
[SourceDate "2023.10.16"]
[SourceVersion "1"]
[SourceVersionDate "2023.10.16"]
[SourceQuality "1"]

1. e4 c5 2. c3 d5 3. exd5 Qxd5 4. d4 Nf6 5. Nf3 Nc6 6. Be3 Bg4 7. c4 Bxf3 8. cxd5 Bxd1 9. dxc6 Ba4 10. cxb7 Rb8 11. Nc3 Bc6 12. dxc5 Rxb7 13. 0-0-0 e6 14. Ba6 Rb8 15. Bf4 Rb4 16. Bd6 Bxd6 17. Rxd6 Bxg2 18. Rg1 Rg4 19. Be2 Rg6 20. Bb5+ Ke7 21. Rgd1 Nd5 22. Rd7+ Kf6 23. Nxd5+ Bxd5 24. Rxa7 Rc8 25. b4 Rg2 26. Rd2 Rxh2 27. Kb2 h5 28. Bd7 Rb8 29. a3 Rd8 30. Rc7 h4 31. c6 h3 0-1

[Event "Titled Tuesday intern op 26th Sep Late"]
[Site "Chess.com INT"]
[Date "2023.09.26"]
[Round "8"]
[White "Guerra Tulcan, Lenin"]
[Black "Kubatko, Ivan"]
[Result "1-0"]
[WhiteElo "2310"]
[BlackElo "2257"]
[PlyCount "51"]
[EventDate "2023.09.26"]
[EventType "swiss (blitz)"]
[EventRounds "11"]
[EventCountry "USA"]
[SourceTitle "EXT 2024"]
[Source "ChessBase"]
[SourceDate "2023.10.10"]
[SourceVersion "1"]
[SourceVersionDate "2023.10.10"]
[SourceQuality "1"]

1. e4 d5 2. exd5 Qxd5 3. d4 e5 4. Nf3 Bg4 5. Be2 e4 6. c4 Qd8 7. Ng1 Bf5 8. Nc3 Nf6 9. Be3 Be7 10. Qb3 0-0 11. Qxb7 Nbd7 12. Qa6 Rb8 13. 0-0-0 Bg6 14. Nh3 Rb6 15. Qa4 Qb8 16. Qc2 c5 17. Na4 Rb4 18. Nxc5 Bxc5 19. dxc5 Ne5 20. Nf4 Nd3+ 21. Nxd3 exd3 22. Bxd3 Bxd3 23. Rxd3 Ne4 24. Rb3 a5 25. Rxb4 Qxb4 26. Qxe4 1-0

[Event "Titled Tuesday intern op 26th Sep Late"]
[Site "Chess.com INT"]
[Date "2023.09.26"]
[Round "4"]
[White "Kubatko, Ivan"]
[Black "Banzea, Alexandru Bogdan"]
[Result "0-1"]
[WhiteElo "2257"]
[BlackElo "2394"]
[PlyCount "90"]
[EventDate "2023.09.26"]
[EventType "swiss (blitz)"]
[EventRounds "11"]
[EventCountry "USA"]
[SourceTitle "EXT 2024"]
[Source "ChessBase"]
[SourceDate "2023.10.10"]
[SourceVersion "1"]
[SourceVersionDate "2023.10.10"]
[SourceQuality "1"]

1. e4 c6 2. d4 d5 3. exd5 cxd5 4. c4 Nf6 5. Nc3 Nc6 6. Bg5 Be6 7. a3 g6 8. Bxf6 exf6 9. b4 Bg7 10. b5 Ne7 11. c5 0-0 12. Nf3 Qa5 13. Qd2 Bh6 14. Qb2 Bg4 15. Be2 Bxf3 16. Bxf3 Nf5 17. Rd1 Rfe8+ 18. Kf1 Nh4 19. Bxd5 Rad8 20. Bxb7 Qc7 21. Bc6 Re6 22. d5 Re5 23. d6 Qc8 24. Nd5 Bg7 25. Ne7+ Rxe7 26. dxe7 Rxd1+ 27. Ke2 Rd7 28. Bxd7 Qxd7 29. Re1 Qxe7+ 30. Kf1 Qxc5 31. Qb3 Nf5 32. a4 Bf8 33. Qd3 Kg7 34. g3 Qb4 35. Re2 Qxa4 36. Kg2 h5 37. Re4 Qa5 38. Rf4 Qb6 39. Re4 Qb7 40. f3 Bc5 41. g4 hxg4 42. fxg4 Nd6 43. Kf3 Nxe4 44. Qxe4 Qxe4+ 45. Kxe4 Bb6 0-1

[Event "Titled Tuesday intern op 26th Sep Late"]
[Site "Chess.com INT"]
[Date "2023.09.26"]
[Round "2"]
[White "Valenzuela Gomez, Fernando Alberto"]
[Black "Kubatko, Ivan"]
[Result "1/2-1/2"]
[WhiteElo "2404"]
[BlackElo "2257"]
[PlyCount "118"]
[EventDate "2023.09.26"]
[EventType "swiss (blitz)"]
[EventRounds "11"]
[EventCountry "USA"]
[SourceTitle "EXT 2024"]
[Source "ChessBase"]
[SourceDate "2023.10.10"]
[SourceVersion "1"]
[SourceVersionDate "2023.10.10"]
[SourceQuality "1"]

1. d4 d5 2. Nf3 c5 3. e3 Nf6 4. dxc5 e6 5. b4 a5 6. c3 b6 7. cxb6 axb4 8. Qd4 Nbd7 9. Bb5 Bd6 10. cxb4 0-0 11. a4 e5 12. Qb2 Qxb6 13. 0-0 e4 14. Nd4 Ne5 15. h3 Nd3 16. Bxd3 exd3 17. Bd2 Ne4 18. a5 Qd8 19. Qb3 Qg5 20. Nf3 Qh5 21. Nc3 Nxd2 22. Nxd2 Bxh3 23. Qxd5 Qg6 24. Qe4 Bf5 25. Qf3 Qh6 26. g3 Be6 27. Nce4 Bxb4 28. Kg2 Bxa5 29. Rh1 Qg6 30. Ra4 Bd5 31. Rh4 Bxd2 32. Rxa8 Rxa8 33. Nf6+ Qxf6 34. Qxd5 Rf8 35. Rf4 Qe6 36. Qxd3 Be1 37. Qb1 Qg6 38. Qxe1 Qc6+ 39. e4 Qe6 40. Qe3 g6 41. Qf3 f6 42. Qe3 Kg7 43. Rh4 Kg8 44. Rf4 Rf7 45. Qf3 Qe5 46. Qb3 Kg7 47. Qd3 Re7 48. Rh4 h5 49. Qe3 g5 50. Rxh5 Qxe4+ 51. Qxe4 Rxe4 52. Rh1 Ra4 53. Rb1 Ra2 54. Rb7+ Kg6 55. Kf3 Ra3+ 56. Kg2 Ra2 57. Rd7 Rb2 58. Ra7 Rc2 59. Rb7 Ra2 1/2-1/2

[Event "Titled Tuesday intern op 15th Aug Late"]
[Site "Chess.com INT"]
[Date "2023.08.15"]
[Round "7"]
[White "Kubatko, Ivan"]
[Black "Przybylski, Wojciech"]
[Result "1/2-1/2"]
[WhiteElo "2257"]
[BlackElo "2308"]
[PlyCount "344"]
[EventDate "2023.08.15"]
[EventType "swiss (blitz)"]
[EventRounds "11"]
[EventCountry "USA"]
[SourceTitle "EXT 2024"]
[Source "ChessBase"]
[SourceDate "2023.10.10"]
[SourceVersion "1"]
[SourceVersionDate "2023.10.10"]
[SourceQuality "1"]

1. e4 c5 2. c3 Nf6 3. e5 Nd5 4. g3 h5 5. Bg2 e6 6. d4 cxd4 7. Qxd4 Nc6 8. Qe4 h4 9. a3 d6 10. c4 Nb6 11. exd6 Bxd6 12. Nc3 hxg3 13. hxg3 Rxh1 14. Bxh1 Bd7 15. b4 Qf6 16. Bd2 Be5 17. Nge2 Qf5 18. f4 Qxe4 19. Bxe4 Bf6 20. Bd3 0-0-0 21. 0-0-0 Be8 22. Kc2 Nd4+ 23. Nxd4 Bxd4 24. Be1 a6 25. c5 Nd5 26. Kb2 Ba4 27. Rc1 Ne3 28. Be4 f5 29. Bf3 Be8 30. Kb3 Bf7 31. a4 e5+ 32. Kb2 Nc4+ 33. Kc2 e4 34. Be2 Ne3+ 35. Kb2 Nd5 36. Kc2 Nxb4+ 37. Kb1 Nc6 38. Na2 Bb3 39. Nb4 Bxa4 40. Nxc6 Bxc6 41. g4 Be3 42. Rc2 g6 43. gxf5 gxf5 44. Bh5 Bb5 45. Be2 Ba4 46. Rb2 Rh8 47. Ka2 Bc6 48. Bc3 Rh2 49. Be5 Rh3 50. Bc4 Bxc5 51. Be6+ Bd7 52. Bd5 Bc6 53. Be6+ Bd7 54. Bd5 b5 55. Rc2 Kd8 56. Rxc5 Rd3 57. Bb7 Be6+ 58. Kb2 Rd2+ 59. Kc1 Rd7 60. Bf6+ Ke8 61. Bc6 e3 62. Bxd7+ Bxd7 63. Re5+ Kf7 64. Bh4 Bc6 65. Rxe3 Bd5 66. Kb2 Kg6 67. Re5 Be4 68. Bg5 Kh5 69. Re6 a5 70. Rb6 Bd3 71. Ra6 a4 72. Be7 Kg4 73. Ra5 Bc4 74. Bd6 Kf3 75. Kc3 Be2 76. Be5 Bf1 77. Kb4 Bd3 78. Ra8 Be2 79. Ra7 Bd3 80. Kc5 Ke4 81. Bd6 Kf3 82. Ra5 Be2 83. Kb6 Bd3 84. Kc7 Ke4 85. Kd7 Kd5 86. Be5 Kc5 87. Bd6+ Kb6 88. Ra8 Kb7 89. Rb8+ Ka7 90. Ke6 Bc4+ 91. Ke5 a3 92. Bxa3 Kxb8 93. Kd6 Kb7 94. Bb4 Kb6 95. Ke5 Bd3 96. Kd4 Be4 97. Ke5 Kc6 98. Kd4 Bc2 99. Ke5 Bb1 100. Kd4 Be4 101. Ke5 Kd7 102. Kd4 Ke6 103. Ke3 Kd5 104. Bf8 Kc4 105. Kd2 Kb3 106. Kc1 b4 107. Bg7 Ka3 108. Bh8 Kb3 109. Bg7 Bd5 110. Bh8 Kc4 111. Bg7 Kd3 112. Be5 Bc4 113. Kb1 Bb3 114. Kb2 Bd1 115. Bd6 Kc4 116. Be5 Be2 117. Kc1 Kb3 118. Bf6 Bf3 119. Be5 Be4 120. Bf6 Bc6 121. Be5 Ka3 122. Bf6 b3 123. Bg7 Kb4 124. Bh8 Bd5 125. Kb2 Kc4 126. Be5 Kd3 127. Bb8 Ke4 128. Bc7 Bc4 129. Bb8 Kd3 130. Bc7 Be6 131. Bb8 Kc4 132. Bc7 Kd5 133. Bb8 Bg8 134. Be5 Kc5 135. Bb8 Bf7 136. Be5 Kc6 137. Bb8 Be6 138. Be5 Kb6 139. Bd6 Bc4 140. Be5 Bd5 141. Bd6 Kb7 142. Be5 Bf7 143. Bd6 Kc8 144. Be5 Bg8 145. Bd4 Kd7 146. Be5 Be6 147. Bd4 Kd6 148. Be5+ Kd5 149. Bb8 Bf7 150. Bc7 Bh5 151. Bb8 Kc6 152. Be5 Bf7 153. Bd4 Kd6 154. Be5+ Kd7 155. Bd4 Bd5 156. Be5 Ke6 157. Bd4 Kd6 158. Be5+ Kc5 159. Bb8 Kc6 160. Be5 Be4 161. Bd4 Kd5 162. Be5 Kc4 163. Bb8 Bc6 164. Be5 Kc5 165. Bb8 Bd7 166. Be5 Be6 167. Bb8 Kd5 168. Be5 Kc6 169. Bd4 Bd5 170. Be5 Kb7 171. Bd4 Kc7 172. Be5+ Kd7 1/2-1/2

[Event "Titled Tuesday intern op 08th Aug Late"]
[Site "Chess.com INT"]
[Date "2023.08.08"]
[Round "11"]
[White "Deng, Henry"]
[Black "Kubatko, Ivan"]
[Result "1-0"]
[WhiteElo "2308"]
[BlackElo "2257"]
[PlyCount "75"]
[EventDate "2023.08.08"]
[EventType "swiss (blitz)"]
[EventRounds "11"]
[EventCountry "USA"]
[SourceTitle "EXT 2024"]
[Source "ChessBase"]
[SourceDate "2023.10.10"]
[SourceVersion "1"]
[SourceVersionDate "2023.10.10"]
[SourceQuality "1"]

1. e4 d5 2. exd5 Qxd5 3. Nc3 Qa5 4. g3 Nf6 5. Bg2 Nc6 6. Nge2 h5 7. h3 h4 8. g4 e5 9. d3 Be6 10. Bd2 0-0-0 11. 0-0 Qa6 12. a3 Nd4 13. b4 Be7 14. Nxd4 exd4 15. Ne2 Bd5 16. f3 Bd6 17. a4 Bg3 18. b5 Qd6 19. Rb1 Rhe8 20. Nxg3 Qxg3 21. Be1 Qf4 22. Bf2 Nh7 23. Rb4 Re3 24. Bxe3 Qxe3+ 25. Kh1 Ng5 26. Re1 Qf2 27. Re2 Qg3 28. Qe1 Qf4 29. Qf2 Ne6 30. Rb1 Ng5 31. Rf1 f5 32. a5 fxg4 33. fxg4 Qd6 34. Qf4 Nxh3 35. Qxd6 Rxd6 36. Bxd5 Rxd5 37. Re7 Kd8 38. Rxg7 1-0

[Event "Titled Tuesday intern op 08th Aug Late"]
[Site "Chess.com INT"]
[Date "2023.08.08"]
[Round "7"]
[White "Vlassov, Nikolai"]
[Black "Kubatko, Ivan"]
[Result "1-0"]
[WhiteElo "2283"]
[BlackElo "2257"]
[PlyCount "95"]
[EventDate "2023.08.08"]
[EventType "swiss (blitz)"]
[EventRounds "11"]
[EventCountry "USA"]
[SourceTitle "EXT 2024"]
[Source "ChessBase"]
[SourceDate "2023.10.10"]
[SourceVersion "1"]
[SourceVersionDate "2023.10.10"]
[SourceQuality "1"]

1. e4 d5 2. exd5 Qxd5 3. Nf3 Nf6 4. d4 Bg4 5. Be2 Nc6 6. Be3 0-0-0 7. c4 Qf5 8. Nbd2 e6 9. 0-0 h5 10. a3 h4 11. h3 Bxf3 12. Nxf3 Bc5 13. b4 Bxd4 14. Bxd4 e5 15. Bd3 Qd7 16. Bxe5 Qxd3 17. b5 Qxd1 18. Rfxd1 Rxd1+ 19. Rxd1 Nxe5 20. Nxe5 Rf8 21. Rd4 g5 22. f4 gxf4 23. Rxf4 Nd7 24. Nxd7 Kxd7 25. Rxh4 Kd6 26. Rh5 f5 27. Kf2 Kc5 28. Rh7 Rc8 29. Rf7 Kxc4 30. Rxf5 a5 31. bxa6 bxa6 32. h4 Kb3 33. Ra5 Ra8 34. g4 Kc4 35. Kg3 c5 36. g5 Re8 37. Rxa6 Re1 38. h5 Rg1+ 39. Kf4 Rh1 40. h6 Kb3 41. Kf5 c4 42. Kg6 c3 43. Rc6 Rh4 44. h7 c2 45. Rxc2 Kxc2 46. Kg7 Kb3 47. h8Q Rh7+ 48. Qxh7 1-0

[Event "Titled Tuesday intern op 08th Aug Late"]
[Site "Chess.com INT"]
[Date "2023.08.08"]
[Round "2"]
[White "Yarullina, Alina"]
[Black "Kubatko, Ivan"]
[Result "0-1"]
[WhiteElo "2084"]
[BlackElo "2257"]
[PlyCount "38"]
[EventDate "2023.08.08"]
[EventType "swiss (blitz)"]
[EventRounds "11"]
[EventCountry "USA"]
[SourceTitle "EXT 2024"]
[Source "ChessBase"]
[SourceDate "2023.10.10"]
[SourceVersion "1"]
[SourceVersionDate "2023.10.10"]
[SourceQuality "1"]

1. e4 d5 2. exd5 Qxd5 3. Nc3 Qa5 4. Nf3 Nf6 5. d4 Bg4 6. Be2 Nc6 7. Be3 0-0-0 8. 0-0 e5 9. Nb5 a6 10. a4 exd4 11. Nfxd4 Bxe2 12. Qxe2 Nxd4 13. Nxd4 c5 14. Nb3 Qc7 15. Qc4 Bd6 16. Nxc5 Bxh2+ 17. Kh1 Bd6 18. b4 h5 19. b5 b6 0-1

[Event "Titled Tuesday intern op 01st Aug Late"]
[Site "Chess.com INT"]
[Date "2023.08.01"]
[Round "5"]
[White "Gasparyan, Davit"]
[Black "Kubatko, Ivan"]
[Result "1-0"]
[WhiteElo "2157"]
[BlackElo "2257"]
[PlyCount "119"]
[EventDate "2023.08.01"]
[EventType "swiss (blitz)"]
[EventRounds "11"]
[EventCountry "USA"]
[SourceTitle "EXT 2024"]
[Source "ChessBase"]
[SourceDate "2023.10.10"]
[SourceVersion "1"]
[SourceVersionDate "2023.10.10"]
[SourceQuality "1"]

1. e4 d5 2. exd5 Qxd5 3. Nc3 Qa5 4. Nge2 Nf6 5. g3 h5 6. h3 Nc6 7. Bg2 Bf5 8. d3 0-0-0 9. Be3 e5 10. Qd2 Bb4 11. 0-0-0 Nd4 12. Rhe1 Nxe2+ 13. Rxe2 e4 14. d4 c5 15. a3 Bxa3 16. bxa3 Qxa3+ 17. Kb1 Rd6 18. Nb5 Rb6 19. c4 Qb3+ 20. Qb2 Qxd1+ 21. Ka2 Qa4+ 22. Kb1 Qd1+ 23. Ka2 a6 24. dxc5 axb5 25. cxb6 Qa4+ 26. Kb1 Qd1+ 27. Ka2 Qa4+ 28. Kb1 bxc4 29. Qe5 Qd1+ 30. Ka2 Qxe2+ 31. Kb1 Qd1+ 32. Kb2 Qb3+ 33. Kc1 Qa3+ 34. Kc2 Qa4+ 35. Kc1 Qc6 36. Qxf5+ Kd8 37. Qe5 Re8 38. Qb8+ Ke7 39. Qe5+ Kf8 40. Qg5 Kg8 41. Bd4 Rd8 42. Bc3 Rd3 43. Kc2 Qd5 44. Bxf6 Qxg5 45. Bxg5 f6 46. Bf4 f5 47. Be3 Kf7 48. Bf1 Rd7 49. Bxc4+ Kg6 50. Bb5 Rd6 51. Be8+ Kf6 52. Bc5 Rd5 53. Be3 g5 54. Ba4 Ra5 55. Bb3 Ra6 56. Bd4+ Ke7 57. Bd5 Ra5 58. Bxb7 Kd6 59. Bc8 Rb5 60. b7 1-0

[Event "Titled Tuesday intern op 01st Aug Late"]
[Site "Chess.com INT"]
[Date "2023.08.01"]
[Round "1"]
[White "Jaracz, Pawel"]
[Black "Kubatko, Ivan"]
[Result "1-0"]
[WhiteElo "2472"]
[BlackElo "2257"]
[PlyCount "77"]
[EventDate "2023.08.01"]
[EventType "swiss (blitz)"]
[EventRounds "11"]
[EventCountry "USA"]
[SourceTitle "EXT 2024"]
[Source "ChessBase"]
[SourceDate "2023.10.10"]
[SourceVersion "1"]
[SourceVersionDate "2023.10.10"]
[SourceQuality "1"]

1. d4 d5 2. c4 e6 3. Nf3 c6 4. e3 Bd6 5. Be2 f5 6. 0-0 Nf6 7. Nc3 0-0 8. Ne5 Bd7 9. f4 Be8 10. c5 Be7 11. b4 a6 12. a4 Nbd7 13. Bd2 Ne4 14. Nxe4 fxe4 15. Bg4 Nxe5 16. dxe5 Qd7 17. Bc3 Bg6 18. Bh3 a5 19. Qd4 axb4 20. Bxb4 Ra6 21. a5 Rfa8 22. g4 Bd8 23. f5 Bf7 24. Ra2 Bxa5 25. Raf2 Bxb4 26. Qxb4 Ra4 27. fxe6 Qxe6 28. Qxb7 R4a7 29. Qb6 h5 30. Rf4 Qxe5 31. Qxc6 Ra2 32. gxh5 Bxh5 33. Qe6+ Qxe6 34. Bxe6+ Kh7 35. Bxd5 R8a3 36. Bxa2 Rxa2 37. Rxe4 Rc2 38. Re5 Bg6 39. Rf2 1-0

[Event "Titled Tuesday intern op 01st Aug Late"]
[Site "Chess.com INT"]
[Date "2023.08.01"]
[Round "8"]
[White "Kubatko, Ivan"]
[Black "Montano, Vicente Guadalupe"]
[Result "1-0"]
[WhiteElo "2257"]
[BlackElo "1734"]
[PlyCount "85"]
[EventDate "2023.08.01"]
[EventType "swiss (blitz)"]
[EventRounds "11"]
[EventCountry "USA"]
[SourceTitle "EXT 2024"]
[Source "ChessBase"]
[SourceDate "2023.10.10"]
[SourceVersion "1"]
[SourceVersionDate "2023.10.10"]
[SourceQuality "1"]

1. e4 c5 2. Nc3 d6 3. f4 Nc6 4. Nf3 Nf6 5. h3 g6 6. g4 Bg7 7. Bc4 a6 8. a4 Rb8 9. d3 e6 10. 0-0 0-0 11. Qe1 d5 12. Bb3 b5 13. axb5 axb5 14. Ba2 d4 15. Ne2 Nb4 16. Bb3 Qb6 17. Bd2 Nc6 18. Kg2 Ne8 19. Ng3 Nd6 20. e5 Ne8 21. Ne4 Ne7 22. Qh4 h6 23. Nf6+ Bxf6 24. exf6 Nd5 25. Bxd5 exd5 26. f5 Qxf6 27. Qxf6 Nxf6 28. Bxh6 Re8 29. Bf4 Rb7 30. fxg6 fxg6 31. Rfe1 Kg7 32. Be5 Kf7 33. Ng5+ Kg7 34. Bxf6+ Kxf6 35. Rxe8 Kxg5 36. Rxc8 c4 37. Rc5 c3 38. Rxd5+ Kf4 39. Rf1+ Ke3 40. Re5+ Kd2 41. Rf2+ Kc1 42. b3 Kb2 43. h4 1-0

[Event "Titled Tuesday intern op 01st Aug Late"]
[Site "Chess.com INT"]
[Date "2023.08.01"]
[Round "6"]
[White "Kubatko, Ivan"]
[Black "Tqebuchava, Zurab"]
[Result "1-0"]
[WhiteElo "2257"]
[BlackElo "2303"]
[PlyCount "83"]
[EventDate "2023.08.01"]
[EventType "swiss (blitz)"]
[EventRounds "11"]
[EventCountry "USA"]
[SourceTitle "EXT 2024"]
[Source "ChessBase"]
[SourceDate "2023.10.10"]
[SourceVersion "1"]
[SourceVersionDate "2023.10.10"]
[SourceQuality "1"]

1. e4 d6 2. d4 Nf6 3. Nc3 Nbd7 4. f4 e5 5. Bc4 Nb6 6. Bb3 exd4 7. Qxd4 Be7 8. Nf3 0-0 9. Be3 a5 10. a3 Be6 11. 0-0-0 Bxb3 12. cxb3 Nfd7 13. e5 Nc5 14. Kc2 Qc8 15. Nd5 Qf5+ 16. Kc3 Nxd5+ 17. Qxd5 Ne4+ 18. Kc4 c6 19. Qd4 d5+ 20. Kd3 Bc5 21. g4 Qd7 22. Qxc5 Nxc5+ 23. Bxc5 Rfe8 24. h3 Qc7 25. Nd4 b6 26. Bd6 Qd7 27. f5 c5 28. Nf3 Qb5+ 29. Kc2 a4 30. bxa4 Qxa4+ 31. Kc1 Qf4+ 32. Nd2 c4 33. Rhf1 Qe3 34. Bb4 Ra4 35. Rde1 Qg5 36. Bc3 b5 37. e6 fxe6 38. f6 gxf6 39. Bxf6 Qh6 40. g5 Qg6 41. Nf3 b4 42. Ne5 1-0

[Event "Titled Tuesday intern op 01st Aug Late"]
[Site "Chess.com INT"]
[Date "2023.08.01"]
[Round "7"]
[White "Penagalapati, Abhinav"]
[Black "Kubatko, Ivan"]
[Result "1/2-1/2"]
[WhiteElo "2259"]
[BlackElo "2257"]
[PlyCount "90"]
[EventDate "2023.08.01"]
[EventType "swiss (blitz)"]
[EventRounds "11"]
[EventCountry "USA"]
[SourceTitle "EXT 2024"]
[Source "ChessBase"]
[SourceDate "2023.10.10"]
[SourceVersion "1"]
[SourceVersionDate "2023.10.10"]
[SourceQuality "1"]

1. d4 d5 2. Nc3 Nf6 3. Bf4 a6 4. Nf3 e6 5. e3 b5 6. Bd3 Bb7 7. h3 Nbd7 8. 0-0 c5 9. dxc5 Nxc5 10. a4 b4 11. Ne2 Bd6 12. Qd2 Nfe4 13. Qxb4 Nxd3 14. Qxb7 Nxf4 15. Qc6+ Ke7 16. Nxf4 Nc5 17. Nd4 Rc8 18. b4 Bxf4 19. bxc5 Be5 20. Qb7+ Kf6 21. Rab1 Rxc5 22. Nc6 Qd6 23. Nxe5 Qxe5 24. Rb4 g5 25. Qxa6 Rxc2 26. Rb7 Rhc8 27. Qa7 R8c7 28. Rxc7 Rxc7 29. Qa5 Rc2 30. Qd8+ Kg7 31. Qb6 Qb2 32. Qxb2+ Rxb2 33. Ra1 Rb6 34. Kf1 Kf6 35. Ke2 Ke5 36. Kd3 Kd6 37. a5 Ra6 38. g4 e5 39. Ra2 Kc5 40. Rc2+ Kb5 41. Rc7 Rf6 42. Rd7 Kc5 43. Rc7+ Kb5 44. Rc2 Ra6 45. Rc7 Rf6 1/2-1/2

[Event "Titled Tuesday intern op 13th Jun Late"]
[Site "Chess.com INT"]
[Date "2023.06.13"]
[Round "2"]
[White "Dias, Joao Batista de Sou"]
[Black "Kubatko, Ivan"]
[Result "1-0"]
[WhiteElo "1762"]
[BlackElo "2257"]
[PlyCount "113"]
[EventDate "2023.06.13"]
[EventType "swiss (blitz)"]
[EventRounds "11"]
[EventCountry "USA"]
[SourceTitle "EXT 2024"]
[Source "ChessBase"]
[SourceDate "2023.10.10"]
[SourceVersion "1"]
[SourceVersionDate "2023.10.10"]
[SourceQuality "1"]

1. e4 d5 2. exd5 Qxd5 3. Nc3 Qa5 4. Nf3 Nf6 5. h3 a6 6. Bc4 b5 7. Bb3 e6 8. 0-0 c5 9. a4 c4 10. Ba2 Bb7 11. axb5 axb5 12. d3 b4 13. Ne4 Nxe4 14. dxe4 b3 15. cxb3 Be7 16. bxc4 0-0 17. Be3 Rd8 18. Qc2 Nc6 19. Bb3 Qh5 20. Rxa8 Rxa8 21. Nd4 Nb4 22. Qb1 Qg6 23. f3 Bc5 24. Re1 Rd8 25. Nc2 Qh5 26. Nxb4 Bxb4 27. Rd1 Rc8 28. Qc2 Bc5 29. Bxc5 Qxc5+ 30. Qf2 Qb4 31. Qc2 Bc6 32. Ba2 Kf8 33. b3 Ra8 34. Bb1 Qc5+ 35. Qf2 Qb4 36. Qd2 Qxd2 37. Rxd2 Ra1 38. Rd1 Ke7 39. Kf2 e5 40. Ke2 Ra3 41. Bc2 Ra2 42. Kd3 Kd6 43. Kc3+ Kc5 44. Rd2 Ra1 45. Bd1 Ra3 46. Kb2 Ra8 47. Kc3 Ra3 48. Rb2 f6 49. Bc2 g5 50. Bd1 h5 51. Rd2 h4 52. Kb2 Ra8 53. Kc3 Ra3 54. Rd8 Ra1 55. Kb2 Ra8 56. Rxa8 Bxa8 57. Kc3 1-0

[Event "Titled Tuesday intern op 13th Jun Late"]
[Site "Chess.com INT"]
[Date "2023.06.13"]
[Round "9"]
[White "Martine, Jean Christophe"]
[Black "Kubatko, Ivan"]
[Result "0-1"]
[WhiteElo "2008"]
[BlackElo "2257"]
[PlyCount "126"]
[EventDate "2023.06.13"]
[EventType "swiss (blitz)"]
[EventRounds "11"]
[EventCountry "USA"]
[SourceTitle "EXT 2024"]
[Source "ChessBase"]
[SourceDate "2023.10.10"]
[SourceVersion "1"]
[SourceVersionDate "2023.10.10"]
[SourceQuality "1"]

1. d4 d5 2. Nf3 c5 3. e3 Nf6 4. Nbd2 Nc6 5. c3 g6 6. Bd3 Bg7 7. 0-0 0-0 8. Re1 Nd7 9. b3 e5 10. dxe5 Ndxe5 11. Nxe5 Nxe5 12. Be2 d4 13. cxd4 cxd4 14. exd4 Qxd4 15. Rb1 Nd3 16. Bxd3 Qxd3 17. Ba3 Rd8 18. Nf3 Bf5 19. Qxd3 Rxd3 20. Rbd1 Rxd1 21. Rxd1 h6 22. h3 Re8 23. Bc1 Re2 24. Rd2 Rxd2 25. Bxd2 Bb1 26. a3 Ba2 27. b4 Kf8 28. Be3 a6 29. Bd4 f6 30. Kf1 Kf7 31. Ke1 Bf8 32. Kd2 Ke6 33. Kc3 Bd5 34. Ne1 g5 35. g3 h5 36. f4 h4 37. Bf2 Bh6 38. fxg5 hxg3 39. Bxg3 fxg5 40. Nd3 Bg7+ 41. Kd2 Kf5 42. Nf2 Bg2 43. Ke3 Bh6 44. Ke2 Bd5 45. h4 g4 46. Kd3 Bg7 47. Nd1 Bf3 48. Ne3+ Ke6 49. h5 Bh6 50. Nf1 Kf5 51. Ne3+ Kg5 52. Nc4 Kxh5 53. Ne5 Bd5 54. Kd4 Bg2 55. Bf2 Bg7 56. Bg3 Kg5 57. Kc5 Kf5 58. Nf7 Bc6 59. Nd6+ Ke6 60. Kb6 Be5 61. Bxe5 Kxe5 62. Nc4+ Kd4 63. Nd2 g3 0-1